Reservation of theoretical adherence to multilateral treaties. (Record no. 51465)
[ view plain ]
| 000 -LEADER | |
|---|---|
| fixed length control field | 00814cam a22002051 4500 |
| 001 - CONTROL NUMBER | |
| control field | pa 61000032 |
| 003 - CONTROL NUMBER IDENTIFIER | |
| control field | DLC |
| 005 - DATE AND TIME OF LATEST TRANSACTION | |
| control field | 20260227111855.0 |
| 008 - FIXED-LENGTH DATA ELEMENTS--GENERAL INFORMATION | |
| fixed length control field | 780425s1961 dcu i00000 eng c |
| 010 ## - LIBRARY OF CONGRESS CONTROL NUMBER | |
| LC control number | pa 61000032 //r853 |
| 035 ## - SYSTEM CONTROL NUMBER | |
| System control number | ocl73751913 |
| 040 ## - CATALOGING SOURCE | |
| Original cataloging agency | Pan American Union. Library |
| Transcribing agency | WMaUCS |
| Modifying agency | WMaUCS |
| 050 0# - LIBRARY OF CONGRESS CALL NUMBER | |
| Classification number | F1405.5 1959 |
| Item number | .O7 OEA/ser.I/VI.2, CIJ-57 (English) |
| 110 20 - MAIN ENTRY--CORPORATE NAME | |
| Corporate name or jurisdiction name as entry element | Inter-American Juridical Committee. |
| 245 10 - TITLE STATEMENT | |
| Title | Reservation of theoretical adherence to multilateral treaties. |
| Remainder of title | Report prepared in accordance with Resolution XI of the fourth meeting of the Inter-American Council of Jurists. |
| 260 0# - PUBLICATION, DISTRIBUTION, ETC. | |
| Place of publication, distribution, etc. | Washington, |
| Name of publisher, distributor, etc. | Pan American Union, |
| Date of publication, distribution, etc. | 1961. |
| 300 ## - PHYSICAL DESCRIPTION | |
| Extent | 5 p. |
| Dimensions | 28 cm. |
| 440 #0 - SERIES STATEMENT/ADDED ENTRY--TITLE | |
| Title | [OAS official records] ; |
| Volume/sequential designation | OEA/Ser.I/VI.2, CIJ-57 (English) |
| 650 #0 - SUBJECT ADDED ENTRY--TOPICAL TERM | |
| Topical term or geographic name entry element | Treaties |
| General subdivision | Reservations. |
No items available.